Arahan Perbendaharaan Bab "A"-Bab "C"/ Panduan Pengurusan Pejabat / Pengurusan Aset Kerajaan / Tatacara Pengurusan Aset Alih Kerajaan / Tatacara Pengurusan Stor Kerajaan (TPS) / Pengurusan Kehilangan Dan Hapuskira Wang Haram. (Record no. 4837)
[ view plain ]
| 000 -LEADER | |
|---|---|
| fixed length control field | nam a22 7a 4500 |
| 003 - CONTROL NUMBER IDENTIFIER | |
| control field | AKMAL |
| 005 - DATE AND TIME OF LATEST TRANSACTION | |
| control field | 20200716084927.0 |
| 008 - FIXED-LENGTH DATA ELEMENTS--GENERAL INFORMATION | |
| fixed length control field | 20 s2020 my l 00 may d |
| 020 ## - INTERNATIONAL STANDARD BOOK NUMBER | |
| International Standard Book Number | 9789677010482 |
| Terms of availability | RM 44.00 |
| 082 04 - DEWEY DECIMAL CLASSIFICATION NUMBER | |
| Classification number | 354.595062 MAL |
| 090 ## - LOCALLY ASSIGNED LC-TYPE CALL NUMBER (OCLC); LOCAL CALL NUMBER (RLIN) | |
| Classification number (OCLC) (R) ; Classification number, CALL (RLIN) (NR) | 354.595062 |
| Local cutter number (OCLC) ; Book number/undivided call number, CALL (RLIN) | MAL |
| 110 2# - MAIN ENTRY--CORPORATE NAME | |
| Corporate name or jurisdiction name as entry element | Malaysia |
| 9 (RLIN) | 400 |
| 245 00 - TITLE STATEMENT | |
| Title | Arahan Perbendaharaan Bab "A"-Bab "C"/ Panduan Pengurusan Pejabat / Pengurusan Aset Kerajaan / Tatacara Pengurusan Aset Alih Kerajaan / Tatacara Pengurusan Stor Kerajaan (TPS) / Pengurusan Kehilangan Dan Hapuskira Wang Haram. |
| Remainder of title | semua pindaan hingga April, 2017 / |
| Statement of responsibility, etc. | disusun semula oleh Penasihat Undang-undang |
| 260 ## - PUBLICATION, DISTRIBUTION, ETC. | |
| Place of publication, distribution, etc. | Kuala Lumpur : |
| Name of publisher, distributor, etc. | MDC, |
| Date of publication, distribution, etc. | 2020 |
| 300 ## - PHYSICAL DESCRIPTION | |
| Extent | 492ms. ; |
| Dimensions | 25cm |
| 500 ## - GENERAL NOTE | |
| General note | Mengandungi indeks |
| 650 ## - SUBJECT ADDED ENTRY--TOPICAL TERM | |
| Topical term or geographic name entry element | Civil service ethics |
| Geographic subdivision | Malaysia |
| 9 (RLIN) | 416 |
| 650 ## - SUBJECT ADDED ENTRY--TOPICAL TERM | |
| Topical term or geographic name entry element | Administrative procedure |
| Geographic subdivision | Malaysia |
| 9 (RLIN) | 425 |
| 650 ## - SUBJECT ADDED ENTRY--TOPICAL TERM | |
| Topical term or geographic name entry element | Administrative agencies |
| General subdivision | Rules and practice |
| Geographic subdivision | Malaysia |
| 9 (RLIN) | 427 |
| 942 ## - ADDED ENTRY ELEMENTS (KOHA) | |
| Source of classification or shelving scheme | |
| Koha item type | Book |
| Withdrawn status | Lost status | Source of classification or shelving scheme | Damaged status | Not for loan | Collection code | Home library | Current library | Shelving location | Date acquired | Inventory number | Total Checkouts | Full call number | Barcode | Date last seen | Date last checked out | Cost, replacement price | Price effective from | Koha item type | Checked out | Public note |
|---|---|---|---|---|---|---|---|---|---|---|---|---|---|---|---|---|---|---|---|---|
| NON-FICTION | AKMAL Melaka | AKMAL Melaka | PINJAMAN | 16.07.2020 | 011331 | 1 | 354.595062 MAL | 201707884 | 24.07.2024 | 16.07.2024 | 44.00 | 16.07.2020 | Book | |||||||
| NON-FICTION | AKMAL Melaka | AKMAL Melaka | PINJAMAN | 24.06.2024 | 011560 | 6 | 354.595062 MAL | 201708242 | 16.04.2026 | 16.04.2026 | 24.06.2024 | Book | 18.05.2026 | Diterbit dan dicetak pada Januari 2024 | ||||||
| NON-FICTION | AKMAL Melaka | AKMAL Melaka | PINJAMAN | 26.06.2024 | 0011563 | 3 | 354.595062 MAL | 201708244 | 15.04.2026 | 15.04.2026 | 26.06.2024 | Book | 15.05.2026 | Diterbit dan Dicetak pada Januari 2024 |
